000 00745nam a2200253Ia 4500
003 OSt
005 20221005123614.0
006 a|||||r|||| 00| 0
007 ta
008 221004b |||||||| |||| 00| 0 eng d
024 _a67449
037 _cTextual
040 _aCRL
_cCRL
_beng
041 _2eng
_aeng
082 _aV43:1:N5, K3
100 _aSchaaf C Hart
_9633894
245 0 _aLower Mekong
_b Challenge to cooperation in Southeast Asia.
260 _c1963
490 _aVan Nostrand searchlight original ed by George W Hoffman and G Etzel Pearcy.; 12
650 _aHISTORY
700 _a Fifield Russell H
942 _hV43:1:N5, K3
_cTEXL
_2cc
999 _c1047907
_d1047907